[Event "India rating op"]
[Site "India"]
[Date "2019.02.03"]
[Round "1"]
[White "Adhia, Jimit"]
[Black "Gajwa, Ankit"]
[Result "0-1"]
[WhiteElo "1105"]
[BlackElo "2102"]
[PlyCount "47"]
[EventDate "2019.02.03"]
[EventType "swiss"]
[EventRounds "11"]
[EventCountry "IND"]
[SourceTitle "EXT 2021"]
[Source "ChessBase"]
[SourceDate "2020.10.23"]
[SourceVersion "1"]
[SourceVersionDate "2020.10.23"]
[SourceQuality "1"]

1. d4 Nf6 2. c4 g6 3. Nc3 Bg7 4. Bf4 0-0 5. e3 d6 6. Be2 Nbd7 7. Nf3 b6 8. 0-0 Bb7 9. a3 Ne4 10. Nxe4 Bxe4 11. Ng5 Bb7 12. Re1 e5 13. dxe5 Nxe5 14. Nf3 Nxf3+ 15. Bxf3 Bxf3 16. Qxf3 Bxb2 17. Ra2 Bg7 18. e4 Re8 19. e5 dxe5 20. Rae2 Qd4 21. Bxe5 Bxe5 22. Rxe5 Rxe5 23. Rxe5 Qa1+ 24. Qd1 0-1